Introducción a los sistemas de información geográfica y geotelemática (Registro nro. 13577)

Detalles MARC
000 -Cabecera
Campo de control interno 00825nam a2200229Ia 4500
005 - Fecha y hora del registro
control field 20260331153614.0
008 - Elementos de Longitud Fija
fixed length control field 260306t2013||||xx |||||||||||||| ||spa||
020 ## - ISBN
ISBN 9788497889339
041 ## - Idioma
Codigo Idioma ESP
082 ## - DEWEY y NOTACIÓN INTERNA
Dewey 004.678
Notación Interna P46
100 ## - AUTOR
Autor denominación Pérez Navarro, Antonio
Término de relación coordinador
245 #0 - TÍTULO DE MATERIAL BIBLIOGRÁFICO
Título Introducción a los sistemas de información geográfica y geotelemática
250 ## - EDICIÓN
Edición Primera edición. Primera reimpresión
260 ## - CIUDAD, EDITORIAL, AÑO
Ciudad Barcelona :
Nombre de la Editorial Editorial UOC,
Año 2012
300 ## - DESCRIPCIÓN
N° Páginas 347 páginas :
Otros detalles figuras ;
Dimensiones 24 cm.
650 ## - TEMAS
Temas Generalidades
653 ## - DESCRIPTORES
Lenguajes no controlado Ciencia de la computación; Sistemas de información; Internet
654 ## - PROGRAMAS
Programa Dpto. de Ingeniería Electrónica y Telecomunicaciones
856 ## - URL - UBICACIÓN
URI/URL: Enlace exacto del recurso <a href="https://itmsp.museknowledge.com/UCSP?groupID=2&action=source&sourceID=ACMDL_org">https://itmsp.museknowledge.com/UCSP?groupID=2&action=source&sourceID=ACMDL_org</a>
Nota pública: Versión digital <a href="Véase además: Base de datos ACM Digital Library">Véase además: Base de datos ACM Digital Library</a>
942 ## - ELEMENTOS DE KOHA
Tipo de documento Libro
Nombre del creador Justo Noguera
Código de catalogador Tania Ramirez
Esquema de clasificación Dewey Decimal Classification
Existencias
Codigo completo Registro Colección Copia número Disponibilidad Tipo de préstamo Biblioteca Actual Procedencia (Biblioteca) Ubicacón Fecha Ingreso Tipo de Adquisición Observación Date last seen Total checkouts Price effective from Tipo de Item Estado del Material Fuente de Clasificación Damaged status Withdrawn status
004.678 P46 1012331 Universidad Católica San Pablo 1 Disponible Disponible Víctor Andrés Belaunde Víctor Andrés Belaunde Segundo piso 03/06/2026 Compra Telecomunicaciones 06/03/2026   06/03/2026 Libro Bueno Dewey Decimal Classification    
004.678 P46 1023733 Universidad Católica San Pablo 2 Disponible Disponible Víctor Andrés Belaunde Víctor Andrés Belaunde Segundo piso 03/06/2026 Compra Biblioteca 06/03/2026   06/03/2026 Libro Bueno Dewey Decimal Classification